| 000 | 00973nam a2200301 a 4500 | ||
|---|---|---|---|
| 001 | 000019639 | ||
| 005 | 20200929170103.0 | ||
| 008 | 930906s1970 sp 001 f spa d | ||
| 035 | _aOCLC 00355852 from aho343 | ||
| 040 |
_aDO-SdBNP _cWSU _dSER _dEQO |
||
| 082 |
_a863.6 _bZ95n, 1970 |
||
| 100 | 1 |
_aZunzunegui, Juan Antonio de, _d1900-1982 _941898 |
|
| 245 | 1 | 0 |
_aRamón o La vida baldía / _cJuan A. de Zunzunegui. |
| 250 | _a2a ed. | ||
| 260 |
_aMadrid : _bEspasa-Calpe, _c1970. |
||
| 300 |
_a229 p. ; _c18 cm. |
||
| 490 | 1 | _aLa novela de la quiebra | |
| 490 | 1 |
_aAustral. Azul: novelas y cuentos en general _v1084 |
|
| 500 | _aIncluye índice de autores | ||
| 650 | 4 |
_aNovela española _91123 |
|
| 650 | 4 |
_aLiteratura española _9632 |
|
| 740 | 3 | _aLa vida baldía | |
| 830 | 3 |
_aLa novela de la quiebra _942087 |
|
| 830 | 0 |
_aAustral. _pAzul: novelas y cuentos en general; _922386 |
|
| 910 | _aCatalogación derivada /Oxford | ||
| 910 | _aWM | ||
| 049 | _aBNGR | ||
| 999 |
_c19155 _d19155 |
||